000 00291pam a2200121 a 4500
020 _c
041 _h
082 _a708
_bSHI
245 _aNalini Malini Cassandrs Gift
_hTextual Documents
260 _a[s.l]:
_bVadhera Art Gallery , Delhi,
_c2014.
300 _a30:
_bpaper.
930 _a7007
999 _c240797
_d240797